|
|
|
|
| LEADER |
00000cam a2200000 7i4500 |
| 001 |
0000014417 |
| 005 |
20080306.0 |
| 008 |
080229 |
| 020 |
|
|
|a 9831241215
|
| 090 |
0 |
0 |
|a 646.2
|b ROS
|
| 100 |
0 |
|
|a Rosita Jaafar
|
| 245 |
1 |
0 |
|a Variasi seni jahitan :
|b Panduan menjahit pola rekaan fesyen, sulaman, manik dan labuci
|c Rosita Jaafar
|
| 260 |
|
|
|a Selangor :
|b Alaf 21 ,
|c 2005
|
| 440 |
|
|
|a Variasi
|
| 650 |
|
0 |
|a Costume design
|x Handbooks, manual, etc
|
| 650 |
|
0 |
|a Dressmaking
|x Handbooks, manual, etc
|
| 650 |
|
0 |
|a Sewing
|x Handbooks, manual, etc
|
| 999 |
|
|
|a 0001013068
|b Book
|c Adult Collection
|e Perbadanan Perpustakaan Awam Johor
|
| 999 |
|
|
|a 0001013069
|b Book
|c Adult Collection
|e Perbadanan Perpustakaan Awam Johor
|
| 999 |
|
|
|a 0001013070
|b Book
|c Adult Collection
|e Perbadanan Perpustakaan Awam Johor
|
| 999 |
|
|
|a 0001013071
|b Book
|c Adult Collection
|e Perbadanan Perpustakaan Awam Johor
|
| 999 |
|
|
|a 0001013072
|b Book
|c Adult Collection
|e Perbadanan Perpustakaan Awam Johor
|